00670nam a2200193 a 450000100100000000500170001000800410002702000150006804000250008308200150010810000350012324500660015826000390022430000280026350400400029104900090033195201190034099900170045900002544320200930023806.0110216s1980 mx r 000 0 spa d a9682408962 aDO-SdBNPbspacBNPHU aNNNbM828f1 aMorales Mancera, José95205010aFilosofía social de la propiedad /cJosé Morales Mancera. aMéxico, D. F. :bTrillas,c1980. a107 p. :bil. ;c23 cm. aIncluye bibliografía (p. 103-104) aBNGR 001054708MOaGRbGRcCTd2011-02-16iLF1l0oNNN M828fp25443-10r2020-06-25w2020-06-25y4ZPréstamo en sala c24935d24935